000
00329 a2200157 4500
001
163967
020
_a
040
_c
Magnum
100
_a
Melo, Gladstone Chaves de
240
1
0
_a
Alphonsus de guimaens
_l
por
245
1
0
_a
Alphonsus de guimaens
362
0
_a
1899
440
1
_a
Agir
697
_a
A/ANTOLOGIA
942
_c
BK
999
_c
163967
_d
163967